Normal view
MARC view
- Muhammad Akram Kahlown
Entry Personal Name
001 - CONTROL NUMBER
- control field: 134276
003 - CONTROL NUMBER IDENTIFIER
- control field: NUST
005 - DATE AND TIME OF LATEST TRANSACTION
- control field: 20260427165001.0
008 - FIXED-LENGTH DATA ELEMENTS
- fixed length control field: 260427|| aca||aabn | a|a d
040 ## - CATALOGING SOURCE
- Original cataloging agency: NUST
- Transcribing agency: NUST
100 ## - HEADING--PERSONAL NAME
- Personal name: Muhammad Akram Kahlown
670 ## - SOURCE DATA FOUND
- Source citation: Work cat.: (NUST): Muhammad Akram Kahlown., Fifth Water Quality Monitoring Report 2005-06 /, 2008.
